000 00518nam a2200205 4500
003 OSt
005 20160412154514.0
008 160412b xxu||||| |||| 00| 0 eng d
020 _a032124852x
040 _c040a
082 _a330
_bGRE 2005
100 _aGregory, Paul R.
_97735
245 _aEssentials of economics /
_cPaul R. Gregory
250 _a6th.ed
260 _aBoston
_bPearson
_c2005
300 _axvi, 332p;
_bill :
_c16 cm
504 _aIncludes index
650 _aEconomics
_9975
942 _2ddc
_cSLOAN
999 _c3462
_d3462